| 000 | 00806cam a2200313 i 4500 | ||
|---|---|---|---|
| 001 | 0000788 | ||
| 003 | DO-SdBNP | ||
| 005 | 20180130160510.0 | ||
| 007 | 0000788 | ||
| 008 | 100514s 1977 sp a | |||| 000 f spa | ||
| 015 | _a | ||
| 017 |
_a _b |
||
| 020 | _a8420102881 | ||
| 035 | _a | ||
| 040 |
_aBPMSU _bspa _cBPMSU _e |
||
| 080 | _a | ||
| 082 |
_axxxx _bxxxxx |
||
| 100 | 1 |
_aAlcott, Luisa M. _d1832-1888 |
|
| 245 | 1 | 0 |
_aMujercitas / _h _cLuisa M. Alcott ; ilustraciones María Rosa García |
| 250 | _a6a. ed. | ||
| 260 |
_aBarcelona : _bAfha, _c1977. |
||
| 300 |
_a77 p.: _bil. _c30 m |
||
| 490 | 1 | _aSelecciones Auriga | |
| 700 | 1 | 2 |
_aGarcía, María Rosa _eil. |
| 830 | 0 | _aSelecciones Auriga | |
| 942 |
_2ddc _cBK |
||
| 945 | _aInventariado, 2018/ YL | ||
| 956 |
_aYLOCKWARD _cBPMSU _b10 |
||
| 999 |
_c11838 _d11838 |
||